| 000 | 00635cam a22002291 4500 | ||
|---|---|---|---|
| 001 | ne 64001845 | ||
| 003 | DLC | ||
| 005 | 20260227111802.0 | ||
| 008 | 930803s1963 tu b 000 0 tur | ||
| 010 | _ane 64001845 | ||
| 035 | _a(OCoLC)28562366 | ||
| 040 |
_aDLC _cCU _dCU _dDLC |
||
| 050 | 0 | 0 |
_aGR785 _b.U4 |
| 100 | 1 | _aÜlkütaşır, M. Şakir. | |
| 245 | 1 | 0 | _aTürk ve İslâm geleneğinde ağaç. |
| 260 |
_a[Ankara, _c1963] |
||
| 300 |
_a40 p. _c20 cm. |
||
| 440 | 0 |
_aTürk Etnografya ve Folklor Derneği yayınları, _v1 |
|
| 504 | _aBibliography: p. 36-37. | ||
| 650 | 0 | _aFolklore of trees. | |
| 650 | 0 |
_aFolklore _zTurkey. |
|
| 999 |
_c47248 _d47248 |
||